Percy Jackson + Heroes of Olympus + Trials of Apollo Characters (MEGA) - Statistics

General Stats
  • This quiz has been taken 145 times
  • The average score is 36 of 70
Answer Stats
Hint Answer % Correct
The dryad at the Aeithales renowned for her spikes Prickly Pear
100%
The son of Poseidon who defeated Kronos Percy Jackson
98%
The daughter of Athena who was the de facto leader of the Argo II Annabeth Chase
97%
The son of Hephaestus who built the Argo II Leo Valdez
96%
The son of Hades who assumed who is the "Ghost King" Nico di Angelo
95%
The son of Jupiter who served as praetor of the Twelfth Legion Jason Grace
94%
The daughter of Zeus who became the lieutenant of Artemis Thalia Grace
94%
The son of Mars who freed Thanatos Frank Zhang
93%
The satyr who inherited the scream of Pan Grover Underwood
93%
The daughter of Aphrodite who put Gaea to sleep with charmspeak Piper McLean
93%
The daughter of Pluto who defeated Alcyoneus Hazel Levesque
89%
The daughter of Hades who died fighting theautomaton Talos Bianca di Angelo
88%
The Cyclops who led the offense against Typhonand came to Camp Half-Blood Tyson
84%
The daughter of Ares who defeated a drakon Clarisse La Rue
83%
The harpy who memorized the Sibylline Books Ella
81%
The clear-sighted mortal who became the Oracle of Delphi Rachel Dare
81%
The daughter of Atlas who became the lieutenant of Artemis Zoe Nightshade
79%
The son of Apollo who was a master healer Will Solace
77%
A dryad at Camp Half-Blood who became thegirlfriend of a young Cloven Elder Juniper
76%
The mother of the demigod son of Poseidon Sally Jackson
76%
The satyr who became the chaperone of the Argo II Gleeson Hedge
73%
The son of Hermes who betrayed camp and soldhis soul to Kronos Luke Castellan
73%
The legacy of Apollo who was augur of Camp Jupiter and declared himself pontifex maximus Octavian
71%
The current stepfather of the demigod son of Poseidon Paul Blofis
71%
The mother of two children of Hades who was killed by Zeus Maria di Angelo
70%
The son of Hermes who was the younger of the twobrothers infamous for pranks at Camp Half-Blood Connor Stoll
69%
The son of Hermes who was the elder of the two brothers infamous for pranks at Camp Half-Blood Travis Stoll
69%
The ex-abusive stepfather of the demigod son of Poseidon Gabe Ugliano
68%
The daughter of Bellona who served as praetor of the Twelfth Legion Reyna Ramirez-Arellano
67%
The son of Hephaestus who sacrificed himselfto explode the Princess Andromeda Charles Beckendorf
65%
The mother of the leader of Kronos's army whose mindbecame corrupted after trying to become the new Oracle of Delphi May Castellan
63%
The daughter of Demeter who was adopted by Nero and helped Apollo Meg McCaffrey
62%
The daughter of Aphrodite who worked as a spyfor Kronos Silena Beauregard
61%
The pegasus that was rescued from the PrincessAndromeda and served the demigod son of Poseidon Blackjack
60%
The son of Nemesis who traded an eye for power Ethan Nakamura
58%
The daughter of Bellona who became the Queenof the Amazons Hylla Ramirez-Arellano
57%
The son of Bacchus who became the centurionof the Fifth Cohort Dakota
56%
The only friendly hellhound in existence Mrs. O'Leary
55%
The professor at West Point father of the de facto leaderof the Argo II Frederick Chase
52%
The cloud nymph who used to work for Boreas Mellie
50%
The son of Apollo who became head counselor butdied in the Battle of Manhattan Michael Yew
42%
The daughter of Aphrodite who bullied her cabin whilehead counselor Drew Tanaka
39%
The son of Hephaestus who became head counselorafter the previous one died Jake Mason
37%
The son of Apollo who became head counselor butdied in the Battle of the Labyrinth Lee Fletcher
36%
The karpos what serves the daughter of Demeter and was employed by Nero Peaches
36%
The daughter of Demeter who serves as the headcounselor during summer Katie Gardner
34%
The son of Apollo who was a master saxophoneplayer Austin Lake
32%
The son of Hephaestus who created a dangerousthree-legged race through the Labyrinth Harley
32%
The daughter of Apollo who was a master archer Kayla Knowles
32%
The possible daughter of Apollo who wanderedinto the Cave of Trophonius Georgina
25%
The daughter of Terpsichore who became the new centurion of the Fifth Cohort Lavinia Asimov
23%
The dryad who was the main healer at the Aeithales Aloe Vera
20%
The son of Ares who became head counselor and wandered into the Grove of Dodona Sherman Yang
18%
The son of Venus who was the one of the strongestlegionnaires in the Twelfth Legion Michael Kahale
16%
A male dryad at the Aeithales who Meg had a crushon Joshua
15%
The daughter of Demeter who serves as the headcounselor when it's not summer Miranda Gardner
15%
A dryad at the Aeithales who went on a mission tothe Burning Maze and didn't survive Money Maker
15%
The daughter of Hephaestus who became head counselor after the previous one got injured Nyssa Barrera
14%
The other daughter of Hermes who acted as CampHalf-Blood's prankster after the first pair split up Alice Miyazawa
13%
The daughter of Hermes who acted as Camp Half-Blood's prankster after the first pair split up Julia Feingold
12%
The daughter of Ceres who became the centurionof the Fourth Cohort Leila
12%
The son of Hermes who said he was only goodat messing things up Cecil Markowitz
9%
The palikos that writes brochures for Camp Half-Blood Pete
9%
A dryad at the Aeithales who went on a mission tothe Burning Maze and survived Agave
7%
The son of Vulcan who saved Camp Jupiter by retrieving a shield from an evil demigod Blaise
5%
The daughter of Cardea who saved Camp Jupiterby retrieving a shield from an evil demigod Claudia
5%
The faun at Camp Jupiter who assisted the daughterof Mefitis by working as a spy Elon
4%
The daughter of Janus who saved Camp Jupiterby retrieving a shield from an evil demigod Janice
4%
The daughter of Mefitis who tried to destroy CampJupiter by breaking a sacred shield Mimi
4%
The son of Asclepius who became a Lar at Camp Jupiter Vitellius Reticulus
3%
No matching quizzes found
Score Distribution
Percent of People with Each Score
Percentile by Number Answered
Your Score History
You have not taken this quiz